|
|
|
|
| LEADER |
00900nam a2200229 a 4500 |
| 001 |
2196867 |
| 008 |
090906s1973 ohua 000 0 eng d |
| 010 |
|
|
|a \\\73075681
|
| 020 |
|
|
|a 0675089379
|
| 040 |
|
|
|a DLC
|c DLC
|d DLC
|
| 082 |
0 |
0 |
|a 372.7
|2 18
|
| 100 |
1 |
|
|a Kennedy, Leonard M.
|
| 245 |
1 |
0 |
|a Games for individualizing mathematics learning /
|c by Leonard M. Kennedy and Ruth L. Michon.
|
| 260 |
|
|
|a Columbus, Ohio :
|b Merrill,
|c 1973
|
| 300 |
|
|
|a viii, 155 p. :
|b illus. ;
|c 23 cm.
|
| 541 |
1 |
|
|e 00005173
|
| 650 |
|
0 |
|a Mathematics
|x Study and teaching (Elementary)
|
| 650 |
|
0 |
|a Games in mathematics education.
|
| 700 |
1 |
|
|a Michon, Ruth L.,
|e joint author.
|
| 852 |
4 |
|
|a Ayesha Abed Library
|j General shelf
|
| 999 |
|
|
|c 3842
|d 3842
|
| 952 |
|
|
|0 0
|1 0
|2 ddc
|4 0
|6 372_700000000000000_KEN_1973
|7 0
|9 8222
|a BRACUL
|b BRACUL
|c GEN
|d 2010-02-16
|g 0.00
|l 0
|o 372.7 KEN
|p 3010005173
|r 2010-02-16
|t 1
|w 2010-02-16
|y BK
|z Not price in Register
|